Normal view
MARC view
Entry Topical Term
001 - CONTROL NUMBER
- control field: 1236002
003 - CONTROL NUMBER IDENTIFIER
- control field: OSt
005 - DATE AND TIME OF LATEST TRANSACTION
- control field: 20260429145522.0
008 - FIXED-LENGTH DATA ELEMENTS
- fixed length control field: 260429|| aca||aabn | a|a d
040 ## - CATALOGING SOURCE
- Original cataloging agency: OSt
- Transcribing agency: OSt
150 ## - HEADING--TOPICAL TERM
- Topical term or geographic name entry element: Zamindars, India
670 ## - SOURCE DATA FOUND
- Source citation: Work cat.: (OSt)1848647: Zamindars, mines and peasants: Studies in the history of an Indian Coalfield and its rural hinterland, 1978
